Kế toán quản trị

Сохранить в:
Библиографические подробности
Главный автор: Huỳnh Lợi - Võ Văn Nhị
Формат:
Язык:Vietnamese
Опубликовано: TKE 2003
Метки: Добавить метку
Нет меток, Требуется 1-ая метка записи!
Thư viện lưu trữ: Mạng thư viện Đại học Đà Nẵng
LEADER 00622nam a2200277 4500
001 000026855
003 904
005 20150325120000.0
008 150325s vm 000 vie
020 |c 59,0000 
040 |a NOTTS 
100 |a Huỳnh Lợi - Võ Văn Nhị 
245 |a Kế toán quản trị 
260 |b TKE  |c 2003 
300 |a 445tr. ; 
OWN |a LTT 
999 |a From the UDN01 
TYP |a Monograph 
TYP |a Printed language 
980 |a Mạng thư viện Đại học Đà Nẵng